000 01385nam a2200337 a 4500
001 78796
003 BD-RjUL
005 20211209083156.0
008 211115m18991919ir b 000 0 ara d
035 _a(CStRLIN)UWON02-B206
040 _aNjP
_cNjP
_dCtY
_dUkOxU
_beng
041 1 _aara
_hara
066 _c(3
082 _223
_a909.8
_bMAK 1899-1919
100 1 _aالمقدسي ، مطهر بن طاهر = Al-Maqdisi, Mutahhar bin Tahir
_d، 000 - 355
_9250049
245 1 0 _a كتاب البدء والتأريخ ;; Kitāb al-Badʼ wa-al-taʼrīkh /
_c مطهر بن طاهر المقدسي ;; Mutahhar bin Tahir Al-Maqdisi,
246 1 5 _aLivre de la creation et de l'histoire
246 3 _aBadʼ al-khalq wa-al-taʼrīkh
260 _aBagdad :
_bMutahana library,
_c1899-1919.
300 _a6 v. ;
_c23 cm.
500 _aVolumes 3-6 correctly attributed to al-Muṭahhar ibn Ṭāhir al-Maqdisī.
504 _aIncludes bibliographical references.
505 _aVol-.1.--v.-2.--v-.4.--v-5.--v-.6.
600 _aMaqdīsī, Muṭahhar ibn Tāhir, fl
_d. 966.
_9250050
650 _aWorld history
_y Early works to 1800
_9250051
700 1 _aHuart, Clément,
_d1854-1926.
_9193240
700 1 _aMaqdisī, Muṭahhar ibn Ṭāhir,
_dactive 10th century.
_9250052
942 _2ddc
_cBK
999 _c78796
_d78796